| 000 | 00628nmm a2200193Ia 4500 | ||
|---|---|---|---|
| 008 | 251105s9999||||xx |||||||||||||||||und|| | ||
| 020 | _a9788437078946 | ||
| 041 | _aspa | ||
| 100 | _aArlandis López, Sergio | ||
| 245 | 0 |
_aOlvidar es morir : _b Nuevos encuentros con Vicente Aleixandre |
|
| 264 |
_a[Madrid, España] : _bPublicaciones de la Universidad de Valencia (PUV), _c2011 |
||
| 300 | _a234 páginas | ||
| 490 | _aOberta | ||
| 650 | _aSpanish literature | ||
| 700 | _aArlandis López, Sergio | ||
| 700 | 1 | _a García García, Miguel Ángel | |
| 856 | _uhttps://public.digitaliapublishing.com/a/34734 | ||
| 942 | _cCF | ||
| 999 |
_c62119 _d62119 |
||